000 01639naa a22003737a 4500
001 BR9405970
003 BR-BrBNA
005 20250721155521.0
007 ta
008 250630b bl.|||m| |||| 00| 0 por d
040 _aBR-BrBNA
_bpor
_cBiblioteca Nacional de Agricultura
041 _a(Pt)
072 _aF08
_b2480
_b2120
090 _aF08 BR9405970
100 1 _aVenuziano, W.
100 1 _aMedrado, M.J.S.
100 1 _aRibeiro, S.I.
100 1 _aLisboa, S. de M.
100 1 _aMenezes, L.C.C. de
100 1 _aCosta, J.N.M.
100 1 _aSantos, J.C.F.
111 1 _a1. Congresso Brasileiro sobre Sistemas Agroflorestais; 1. Encontro sobre Sistemas Agroflorestais nos Paises do MERCOSUL
_cPorto Velho, RO (Brazil)
_d3-7 Jul 1994
245 1 _aAssociacao da seringueira com a cultura do cafeeiro no Estado de Rondonia
500 _a1. Congresso Brasileiro sobre Sistemas Agroflorestais e 1. Encontro sobre Sistemas Agroflorestais nos Paises do MERCOSUL. Anais. V. 2: trabalhos voluntarios Colombo, PR (Brasil): 1994. p. 121-133 [5 tables; Summaries (En, Pt); 13 ref.] (BR9405970-AMS)
773 0 _t1. Congresso Brasileiro sobre Sistemas Agroflorestais e 1. Encontro sobre Sistemas Agroflorestais nos Paises do MERCOSUL. Anais. V. 2: trabalhos voluntarios
_wF08 BR9405970
_gColombo, PR (Brasil), 1994. p. 121-133
650 _aSeringueira
650 _aCafe
650 _aConsorciacao de Cultura
650 _aSistema Agroflorestal
650 _aRondonia
490 _aDocumentos - Centro Nacional de Pesquisa de Florestas (Brazil)
_vno. 27
942 _cAMS
_2AGRIS
909 _a202506
_bLúcia
_c55
_dLúcia Elande
999 _c336959
_d336959